| 000 | 00771nam a2200217 a 4500 | ||
|---|---|---|---|
| 005 | 20220528063448.0 | ||
| 008 | 050629s2002 mx 000 0 spa d | ||
| 020 | _a9706517235 | ||
| 035 | _aUPN01000140549 | ||
| 049 | _aCG | ||
| 050 | 4 |
_aPQ7297 G3.8 _bC7.6 |
|
| 100 | 1 |
_aGaribay, Ricardo, _d1923-1999 _935929 |
|
| 245 | 1 | 0 |
_aCrónica, dos / _cRicardo Garibay ; introd. de Vicente Leñero ; ensayo particular de César Güemes. |
| 260 |
_aMéxico : _bConsejo Estatal para la Cultura y las Artes de Hidalgo : _bOcéano, _c2002. |
||
| 300 | _a334 p. | ||
| 440 | 3 |
_aEl día siguiente ; _v5 |
|
| 440 | 0 |
_aObras reunidas ; _v5 |
|
| 600 | 1 | 4 |
_aGARIBAY, RICARDO, _d1923-1999 - _xCRITICA E INTERPRETACION _92316 |
| 650 | 4 |
_aLiteratura mexicana _ySiglo XX _95344 |
|
| 905 | _aLibro | ||
| 999 |
_c112697 _d112697 |
||